Stolice żupanii Chorwacji - Statystyki

Ogólne statystyki
  • Ten quiz został rozwiązany 10 razy
  • Średni wynik to 10 z 21
Statystyki odpowiedzi
żupania stolica % Poprawnych
dubrownicko-neretwiańska Dubrownik
100%
splicko-dalmatyńska Split
100%
Zagrzeb (miasto) Zagrzeb
100%
zagrzebska Zagrzeb
100%
osijecko-barańska Osijek
89%
zadarska Zadar
89%
primorsko-gorska Rijeka
78%
szybenicko-knińska Szybenik
67%
varażdińska Varazdin
44%
karlowacka Karlovac
33%
sisacko-moslawińska Sisak
33%
vukowarsko-srijemska Vukovar
33%
bielowarsko-bilogorska Bjelovar
22%
medzimurska Cakovec
22%
licko-seńska Gospić
22%
kopriwnicko-kriżewczyńska Koprivnica
22%
krapińsko-zagorska Krapina
22%
pożedzko-sławońska Pozega
22%
brodzko-posawska Slavonski Brod
22%
virowiticko-podrawska Virovitica
22%
istryjska Pazin
0%
Nie znaleziono quizów pasujących do podanych kryteriów
Rozkład punktacji
Procent ludzi z każdym wynikiem
Percentyl według liczby udzielonych odpowiedzi
Twoja historia wyników
Nie rozwiązałeś tego quizu